The diary and letters of Kaethe Kollwitz /

Bibliographic Details
Main Author: Kollwitz, Käthe, 1867-1945
Other Authors: Kollwitz, Hans
Format: Book
Language:English
Published: Evanston, Ill. : Northwestern University Press, [1988]
Subjects:

MARC

Tag First Indicator Second Indicator Subfields
LEADER 00000cam a2200000 a 4500
001 in00000025963
005 20151007055743.0
008 880603s1988 iluaf 00010aeng d
020 |a 0810107600 
035 |a (OCoLC)18037017 
035 |9 AAB9175AM 
040 |a DLM  |c DLM  |d ILU  |d TXA  |d UtOrBLW 
049 |a TXAM  |c [A11668525] 
050 4 |a NE654.K6  |b A4 1988 
100 1 |a Kollwitz, Käthe,  |d 1867-1945. 
245 1 4 |a The diary and letters of Kaethe Kollwitz /  |c edited by Hans Kollwitz ; translated by Richard and Clara Winston. 
264 1 |a Evanston, Ill. :  |b Northwestern University Press,  |c [1988] 
264 4 |c ©1988 
300 |a vi, 200 pages, 10 unnumbered pages, 48 pages of plates :  |b illustrations ;  |c 26 cm. 
336 |a text  |b txt  |2 rdacontent 
337 |a unmediated  |b n  |2 rdamedia 
338 |a volume  |b nc  |2 rdacarrier 
600 0 0 |a Kollwitz, Käthe,  |d 1867-1945. 
700 1 |a Kollwitz, Hans. 
999 |a MARS 
999 f f |s c5450746-d58a-379a-b2d7-bec5157916f9  |i 40c180fa-ed39-33fa-8bab-5df6b1d6354e  |t 0 
952 f f |p normal  |a Texas A&M University  |b College Station  |c Sterling C. Evans Library  |d Evans: Library Stacks  |t 0  |e NE654.K6 A4 1988  |h Library of Congress classification  |i unmediated -- volume  |m A14811668525 
998 f f |a NE654.K6 A4 1988  |t 0  |l Evans: Library Stacks